[Event "21st European Teams"]
[Site "Hersonissos GRE"]
[Date "2017.10.30"]
[Round "3.9"]
[Board "2"]
[White "Fernandes, Antonio"]
[Black "Ponomariov, Ruslan"]
[Result "0-1"]
[WhiteTitle "GM"]
[BlackTitle "GM"]
[WhiteElo "2442"]
[BlackElo "2687"]
[WhiteTeam "Portugal"]
[BlackTeam "Ukraine"]
[WhiteFideId "1900021"]
[BlackFideId "14103320"]
[EventDate "2017.10.28"]

1. e4 c5 2. Nf3 Nc6 3. Bb5 g6 4. O-O Bg7 5. Re1 e5 6. Bxc6 dxc6 7. b3 Nh6 8. d3
O-O 9. Nbd2 f6 10. Bb2 Nf7 11. h3 Re8 12. Nf1 Qc7 13. Ng3 Be6 14. c3 a5 15. Qc2
a4 16. d4 axb3 17. axb3 Qb6 18. dxc5 Qxb3 19. Qxb3 Bxb3 20. Ba3 Ra7 21. Nd2 Be6
22. Bb4 Rea8 23. Rxa7 Rxa7 24. Rb1 Ra2 25. Ngf1 Bh6 26. Nb3 Bxb3 27. Rxb3 Ng5
28. f3 Ne6 29. Rb1 Kf7 30. Rd1 Ke7 31. h4 Nf4 0-1

[Event "21st European Teams"]
[Site "Hersonissos GRE"]
[Date "2017.10.30"]
[Round "3.9"]
[Board "3"]
[White "Kuzubov, Yuriy"]
[Black "Sousa, Andre Ventura"]
[Result "1-0"]
[WhiteTitle "GM"]
[BlackTitle "IM"]
[WhiteElo "2690"]
[BlackElo "2405"]
[WhiteTeam "Ukraine"]
[BlackTeam "Portugal"]
[WhiteFideId "14112906"]
[BlackFideId "1917617"]
[EventDate "2017.10.28"]

1. d4 d5 2. c4 e6 3. Nf3 Nf6 4. g3 Bb4+ 5. Bd2 Bd6 6. Nc3 O-O 7. Bg5 c6 8. Bg2
Nbd7 9. e4 dxe4 10. Nxe4 Bb4+ 11. Nc3 Bxc3+ 12. bxc3 Qa5 13. O-O e5 14. Bxf6
gxf6 15. Nh4 Nb6 16. Qh5 Kg7 17. Be4 Rh8 18. c5 Nc4 19. Bf5 Qd8 20. Bxc8 Rxc8
21. Nf5+ Kf8 22. Qh6+ 1-0

[Event "21st European Teams"]
[Site "Hersonissos GRE"]
[Date "2017.10.30"]
[Round "3.9"]
[Board "4"]
[White "Martins, David Pires Tavares"]
[Black "Kravtsiv, Martyn"]
[Result "1/2-1/2"]
[WhiteTitle "IM"]
[BlackTitle "GM"]
[WhiteElo "2384"]
[BlackElo "2677"]
[WhiteTeam "Portugal"]
[BlackTeam "Ukraine"]
[WhiteFideId "1909991"]
[BlackFideId "14113147"]
[EventDate "2017.10.28"]

1. Nf3 Nf6 2. c4 e6 3. g3 d5 4. Bg2 d4 5. O-O c5 6. e3 Nc6 7. exd4 cxd4 8. d3
Bd6 9. Na3 O-O 10. Bd2 e5 11. Nb5 Bb8 12. b4 h6 13. Re1 Re8 14. Na3 a6 15. Qa4
Ra7 16. c5 Be6 17. Qc2 Bd5 18. Nc4 Bc7 19. a4 e4 20. Nh4 Bxc4 21. Qxc4 Ne5 22.
Qb3 Nxd3 23. Re2 Ne5 24. Rae1 d3 25. Rxe4 Nxe4 26. Bxe4 b6 27. c6 Ra8 28. Bd5
Qf6 29. Bc3 g5 30. Bxe5 Rxe5 31. Rxe5 Bxe5 32. Nf3 Bc3 33. Qd1 Rd8 34. Qxd3 Qxc6
35. Bxf7+ Kxf7 36. Qxd8 Qxf3 37. Qxb6 Qd1+ 38. Kg2 Qd5+ 39. Kg1 Qd1+ 40. Kg2 Qd3
41. b5 Qe4+ 42. Kf1 Bd4 43. Qxh6 Qd3+ 44. Kg2 Qe4+ 45. Kf1 Qd3+ 46. Kg2 Qe4+ 47.
Kf1 Qd3+ 1/2-1/2

[Event "21st European Teams"]
[Site "Hersonissos GRE"]
[Date "2017.10.30"]
[Round "3.10"]
[Board "1"]
[White "Lenic, Luka"]
[Black "Zhigalko, Sergei"]
[Result "1/2-1/2"]
[WhiteTitle "GM"]
[BlackTitle "GM"]
[WhiteElo "2650"]
[BlackElo "2638"]
[WhiteTeam "Slovenia"]
[BlackTeam "Belarus"]
[WhiteFideId "14603853"]
[BlackFideId "13502956"]
[EventDate "2017.10.28"]

1. d4 Nf6 2. c4 e6 3. Nf3 b6 4. g3 Ba6 5. b3 Bb4+ 6. Bd2 Be7 7. Nc3 O-O 8. Rc1
d5 9. cxd5 Nxd5 10. Bg2 Ba3 11. Rb1 Bb7 12. O-O a5 13. Nxd5 exd5 14. Qc2 Nc6 15.
Bc1 Bd6 16. Ng5 g6 17. Qd1 Be7 18. Nh3 Bf6 19. Bb2 Re8 20. Nf4 Ne7 21. e3 Nf5
22. a4 c6 23. Nd3 Nd6 24. Rc1 Ne4 25. Rc2 Rc8 26. Qa1 Ba6 27. Rd1 Qd7 28. Ne5
Qe6 29. Qc1 Bb7 30. Re1 c5 31. f3 Nd6 32. f4 Ne4 33. dxc5 Nxc5 34. Qd1 Rcd8 35.
Rc1 Ba6 36. Bd4 Bxe5 37. fxe5 Rc8 38. Bxc5 Rxc5 39. Rxc5 bxc5 40. Bxd5 Qxe5 41.
Qf3 Re7 1/2-1/2

[Event "21st European Teams"]
[Site "Hersonissos GRE"]
[Date "2017.10.30"]
[Round "3.10"]
[Board "2"]
[White "Kovalev, Vladislav"]
[Black "Pavasovic, Dusko"]
[Result "1-0"]
[WhiteTitle "GM"]
[BlackTitle "GM"]
[WhiteElo "2636"]
[BlackElo "2548"]
[WhiteTeam "Belarus"]
[BlackTeam "Slovenia"]
[WhiteFideId "13504398"]
[BlackFideId "14600986"]
[EventDate "2017.10.28"]

1. e4 e5 2. Nf3 Nc6 3. Bb5 a6 4. Ba4 Nf6 5. O-O b5 6. Bb3 Bb7 7. d3 Be7 8. Nc3
O-O 9. a3 d6 10. Bg5 Qd7 11. Qd2 Nd8 12. Nh4 Ne6 13. Nf5 Bd8 14. f4 exf4 15.
Bxf4 d5 16. exd5 Nxd5 17. Be5 f6 18. Bg3 Nxc3 19. Qxc3 Bd5 20. Bd6 Bxb3 21. Bxf8
Bd5 22. Bb4 a5 23. Bxa5 g5 24. Bb4 Nf4 25. Rxf4 gxf4 26. Qc5 Kf7 27. Qf8+ Kg6
28. g4 fxg3 29. Qh6+ 1-0

[Event "21st European Teams"]
[Site "Hersonissos GRE"]
[Date "2017.10.30"]
[Round "3.10"]
[Board "3"]
[White "Sebenik, Matej"]
[Black "Aleksandrov, Aleksej"]
[Result "1/2-1/2"]
[WhiteTitle "GM"]
[BlackTitle "GM"]
[WhiteElo "2534"]
[BlackElo "2588"]
[WhiteTeam "Slovenia"]
[BlackTeam "Belarus"]
[WhiteFideId "14602296"]
[BlackFideId "13500139"]
[EventDate "2017.10.28"]

1. d4 Nf6 2. c4 e6 3. Nf3 d5 4. Nc3 Bb4 5. cxd5 exd5 6. Bg5 h6 7. Bh4 O-O 8. e3
Bf5 9. Qb3 Bxc3+ 10. bxc3 Nbd7 11. Be2 c5 12. dxc5 g5 13. Bg3 Nxc5 14. Qb4 Nfe4
15. O-O a5 16. Qa3 Qe7 17. Rfd1 Rfd8 18. Nd4 Bg6 19. Rac1 h5 20. Nb5 Rd7 21. c4
dxc4 22. Bxc4 Rxd1+ 23. Rxd1 Rd8 24. Qc1 Nxg3 25. hxg3 Ne4 26. Bd5 Nf6 27. Bb3
Rxd1+ 28. Qxd1 Qb4 29. Nd4 b5 30. Nc6 Qc3 31. Ne7+ Kg7 32. Nxg6 Kxg6 33. Qc2+
Qxc2 34. Bxc2+ Kg7 35. e4 1/2-1/2

[Event "21st European Teams"]
[Site "Hersonissos GRE"]
[Date "2017.10.30"]
[Round "3.10"]
[Board "4"]
[White "Fedorov, Alexei"]
[Black "Skoberne, Jure"]
[Result "1-0"]
[WhiteTitle "GM"]
[BlackTitle "GM"]
[WhiteElo "2582"]
[BlackElo "2544"]
[WhiteTeam "Belarus"]
[BlackTeam "Slovenia"]
[WhiteFideId "13500465"]
[BlackFideId "14604299"]
[EventDate "2017.10.28"]

1. c4 Nf6 2. d4 g6 3. f3 Bg7 4. e4 d6 5. Ne2 O-O 6. Be3 c6 7. Qd2 a6 8. Nbc3 b5
9. Bh6 Nbd7 10. h4 Nb6 11. Ng3 e5 12. Bxg7 Kxg7 13. h5 exd4 14. Qxd4 Be6 15.
O-O-O Bxc4 16. Qxd6 Bxf1 17. Rhxf1 Nc4 18. Nf5+ Kh8 19. Qxc6 Qb6 20. Qxb6 Nxb6
21. hxg6 fxg6 22. Nd6 Ra7 23. e5 Nh5 24. Ne2 Rc7+ 25. Kb1 Rc5 26. f4 Nd5 27. Nb7
Rc7 28. Rxd5 Rxb7 29. g4 Ng7 30. f5 gxf5 31. gxf5 Rbb8 32. f6 Ne6 33. Nf4 Rbe8
34. Nxe6 Rxe6 35. Kc2 1-0

[Event "21st European Teams"]
[Site "Hersonissos GRE"]
[Date "2017.10.30"]
[Round "3.11"]
[Board "1"]
[White "Markus, Robert"]
[Black "Djukic, Nikola"]
[Result "1-0"]
[WhiteTitle "GM"]
[BlackTitle "GM"]
[WhiteElo "2644"]
[BlackElo "2519"]
[WhiteTeam "Serbia"]
[BlackTeam "Montenegro"]
[WhiteFideId "921637"]
[BlackFideId "922412"]
[EventDate "2017.10.28"]

1. d4 Nf6 2. c4 c5 3. d5 b5 4. cxb5 a6 5. e3 Bb7 6. Nc3 axb5 7. Bxb5 Qa5 8. Bd2
Qb6 9. Nf3 Nxd5 10. a4 e6 11. O-O Be7 12. e4 Nxc3 13. Bxc3 O-O 14. Ne5 d5 15.
exd5 exd5 16. Re1 d4 17. Bd2 Ba6 18. Qb3 Ra7 19. Nc4 Qf6 20. Re5 Bxb5 21. Qxb5
Nd7 22. Bg5 1-0

[Event "21st European Teams"]
[Site "Hersonissos GRE"]
[Date "2017.10.30"]
[Round "3.11"]
[Board "2"]
[White "Blagojevic, Dragisa"]
[Black "Ivanisevic, Ivan"]
[Result "0-1"]
[WhiteTitle "GM"]
[BlackTitle "GM"]
[WhiteElo "2488"]
[BlackElo "2593"]
[WhiteTeam "Montenegro"]
[BlackTeam "Serbia"]
[WhiteFideId "900885"]
[BlackFideId "912417"]
[EventDate "2017.10.28"]

1. d4 Nf6 2. c4 e6 3. Nf3 c5 4. d5 d6 5. Nc3 exd5 6. cxd5 g6 7. h3 b5 8. Nxb5
Bg7 9. e3 O-O 10. Be2 Bb7 11. Nc3 Qe7 12. O-O Nbd7 13. Bc4 Nb6 14. Qd3 Nxc4 15.
Qxc4 a5 16. Re1 a4 17. a3 Nd7 18. Nxa4 f5 19. Nc3 g5 20. e4 f4 21. Bd2 Ba6 22.
Nb5 Ne5 23. Nxe5 Bxe5 24. Bc3 f3 25. a4 fxg2 26. Kxg2 g4 27. Bxe5 gxh3+ 28. Kh1
Qxe5 29. Rg1+ Kh8 30. Qc3 Qxc3 31. bxc3 Rxf2 32. Raf1 Raf8 33. Rxf2 Rxf2 34. Rg3
Rf4 35. Nxd6 Bf1 36. c4 h5 37. e5 h4 0-1

[Event "21st European Teams"]
[Site "Hersonissos GRE"]
[Date "2017.10.30"]
[Round "3.11"]
[Board "3"]
[White "Perunovic, Milos"]
[Black "Draskovic, Luka"]
[Result "1/2-1/2"]
[WhiteTitle "GM"]
[BlackTitle "IM"]
[WhiteElo "2608"]
[BlackElo "2450"]
[WhiteTeam "Serbia"]
[BlackTeam "Montenegro"]
[WhiteFideId "921629"]
[BlackFideId "944335"]
[EventDate "2017.10.28"]

1. e4 d6 2. d4 Nf6 3. Nc3 e5 4. Nf3 Nbd7 5. Bc4 Be7 6. a4 O-O 7. O-O c6 8. Re1
a5 9. h3 Nb6 10. Bf1 exd4 11. Nxd4 d5 12. e5 Ne8 13. Nce2 g6 14. Bh6 Ng7 15. Nf3
Re8 16. Ned4 c5 17. Nb5 Ne6 18. Nd6 Bxd6 19. exd6 Qxd6 20. Ne5 Bd7 21. Qf3 f5
22. c3 Bxa4 23. Qg3 Bc6 24. f4 Ng7 25. Rad1 Nd7 26. Nc4 Qf8 27. Rxe8 Rxe8 28.
Nxa5 Nh5 29. Qg5 Qf6 30. Nxc6 bxc6 31. Ra1 Qe6 32. Kh2 Ndf6 33. Qh4 c4 34. Bg5
Re7 35. Be2 Qxe2 36. Bxf6 Re8 37. Be5 h6 38. Re1 Qd2 39. Ra1 Qe2 40. Re1 Qd2 41.
Ra1 Qe2 1/2-1/2

[Event "21st European Teams"]
[Site "Hersonissos GRE"]
[Date "2017.10.30"]
[Round "3.11"]
[Board "4"]
[White "Kalezic, Blazo"]
[Black "Indjic, Aleksandar"]
[Result "0-1"]
[WhiteTitle "IM"]
[BlackTitle "GM"]
[WhiteElo "2465"]
[BlackElo "2591"]
[WhiteTeam "Montenegro"]
[BlackTeam "Serbia"]
[WhiteFideId "921815"]
[BlackFideId "911925"]
[EventDate "2017.10.28"]

1. e4 c5 2. Nf3 d6 3. d4 cxd4 4. Nxd4 Nf6 5. Nc3 a6 6. Be3 e5 7. Nb3 Be6 8. Qd2
Nbd7 9. f3 h5 10. Nd5 Bxd5 11. exd5 g6 12. Na5 Qc7 13. c4 Bg7 14. Be2 e4 15. O-O
exf3 16. gxf3 O-O 17. b4 Ne5 18. Rac1 Qd7 19. Kg2 Rfe8 20. Rf2 Re7 21. h3 Rae8
22. Bg5 Neg4 23. hxg4 hxg4 24. Bxf6 Bxf6 25. Rh1 Re3 26. Bd1 gxf3+ 27. Bxf3 Qf5
28. Rh3 R8e4 29. Nxb7 Be5 30. c5 Qg5+ 31. Kf1 Bc3 32. Bxe4 Bxd2 33. Rxe3 Bxe3
34. Rf3 dxc5 35. d6 cxb4 36. d7 Bb6 37. Rd3 Qc1+ 38. Ke2 Qc2+ 39. Ke1 Qb1+ 40.
Ke2 Qxa2+ 41. Kd1 b3 42. Rd6 b2 43. Rxb6 Qa4+ 44. Kd2 Qxd7+ 45. Bd3 Qd4 46. Rb3
g5 47. Na5 Qf4+ 48. Kc3 Qe5+ 49. Kb4 Qd4+ 0-1

[Event "21st European Teams"]
[Site "Hersonissos GRE"]
[Date "2017.10.30"]
[Round "3.12"]
[Board "1"]
[White "Pelletier, Yannick"]
[Black "Solak, Dragan"]
[Result "0-1"]
[WhiteTitle "GM"]
[BlackTitle "GM"]
[WhiteElo "2540"]
[BlackElo "2626"]
[WhiteTeam "Switzerland"]
[BlackTeam "Turkey"]
[WhiteFideId "1301837"]
[BlackFideId "916811"]
[EventDate "2017.10.28"]

1. d4 d5 2. c4 c6 3. Nf3 Nf6 4. Nc3 dxc4 5. a4 Bf5 6. Ne5 Nbd7 7. Nxc4 Nb6 8.
Ne5 a5 9. f3 Nfd7 10. Nxd7 Nxd7 11. e4 Bg6 12. Be2 Qb6 13. f4 e5 14. dxe5 Nc5
15. Be3 Qxb2 16. Nb5 Qb4+ 17. Kf1 Rd8 18. Nc7+ Ke7 19. Nd5+ cxd5 20. exd5 Rc8
21. Rc1 Kd8 22. d6 Ne4 23. Bb5 Bxd6 24. exd6 Nxd6 25. Bb6+ Ke7 26. Qe1+ Be4 27.
Bxa5 Qb2 28. Bd2 Rhd8 29. Rg1 Kf8 30. Bc3 Qb3 31. Qe3 Nxb5 0-1

[Event "21st European Teams"]
[Site "Hersonissos GRE"]
[Date "2017.10.30"]
[Round "3.12"]
[Board "2"]
[White "Yilmaz, Mustafa"]
[Black "Georgiadis, Nico"]
[Result "1/2-1/2"]
[WhiteTitle "GM"]
[BlackTitle "GM"]
[WhiteElo "2633"]
[BlackElo "2516"]
[WhiteTeam "Turkey"]
[BlackTeam "Switzerland"]
[WhiteFideId "6302718"]
[BlackFideId "1300113"]
[EventDate "2017.10.28"]

1. d4 Nf6 2. c4 e6 3. Nf3 d5 4. Nc3 Bb4 5. Bg5 h6 6. Bxf6 Qxf6 7. Qa4+ Nc6 8. e3
O-O 9. Rc1 Qg6 10. Qc2 Qxc2 11. Rxc2 Rd8 12. a3 Bf8 13. Nb5 Rd7 14. Bd3 a6 15.
Nc3 Rd8 16. O-O Ne7 17. cxd5 exd5 18. h3 c6 19. Na4 Bf5 20. Ne5 f6 21. Bxf5 Nxf5
22. Nd3 Re8 23. Rb1 a5 24. Nac5 Bxc5 25. Nxc5 Nd6 26. a4 h5 27. g3 Kf7 28. Kg2
Re7 29. Rcc1 g6 30. b4 axb4 31. Rxb4 Ra7 32. Rcb1 g5 33. Rb6 Kg6 34. g4 hxg4 35.
hxg4 Ra5 36. Nxb7 Rxb7 37. Rxb7 Nxb7 38. Rxb7 Rxa4 39. Rc7 Rc4 40. Kg3 Rc3 41.
Rd7 Rb3 42. Kg2 Rb2 43. Re7 Ra2 44. Kg3 Ra3 45. f3 Rb3 46. Re6 Rc3 47. f4 gxf4+
48. Kxf4 Rc1 49. g5 Rf1+ 50. Kg4 Rg1+ 51. Kf3 Rxg5 52. Rxc6 Kf7 53. e4 dxe4+ 54.
Kxe4 Ke7 55. d5 Re5+ 56. Kd4 Re1 57. Kc5 Kd7 58. Rxf6 Rc1+ 1/2-1/2

[Event "21st European Teams"]
[Site "Hersonissos GRE"]
[Date "2017.10.30"]
[Round "3.12"]
[Board "3"]
[White "Kurmann, Oliver"]
[Black "Can, Emre"]
[Result "1/2-1/2"]
[WhiteTitle "IM"]
[BlackTitle "GM"]
[WhiteElo "2481"]
[BlackElo "2604"]
[WhiteTeam "Switzerland"]
[BlackTeam "Turkey"]
[WhiteFideId "1308173"]
[BlackFideId "6302181"]
[EventDate "2017.10.28"]

1. e4 c6 2. d4 d5 3. Nc3 dxe4 4. Nxe4 Bf5 5. Ng3 Bg6 6. Nh3 Nf6 7. Bc4 e6 8. Nf4
Bd6 9. c3 Qc7 10. Qf3 c5 11. dxc5 Bxc5 12. Bb3 Nbd7 13. O-O O-O-O 14. Nxg6 hxg6
15. Re1 Rh4 16. Bg5 Rg4 17. Be3 Rh8 18. h3 Rgh4 19. Rad1 Bxe3 20. Qxe3 Qc5 21.
Qxc5+ Nxc5 22. Bc2 Rd8 23. Nf1 Nd5 24. Nh2 Rh5 25. Nf3 Nf4 26. Rxd8+ Kxd8 27. c4
Ke7 28. Re3 a5 29. h4 Rh8 30. g3 Nh5 31. b3 Nf6 32. a3 Rc8 33. Kf1 Ne8 34. Ke2
Nd6 35. Ne5 Nd7 36. Nxd7 Kxd7 37. Rf3 Ke7 38. a4 Rc5 39. Re3 g5 40. hxg5 Rxg5
41. Kd2 b6 42. Kc3 Nb7 43. b4 axb4+ 44. Kxb4 Rc5 45. Re1 Na5 46. Bd3 Nc6+ 47.
Kc3 Kd6 48. Rb1 Kc7 49. Rh1 Ra5 50. Bc2 Kd6 51. Rh7 Rg5 52. Rh8 Re5 53. Bd3 Re1
54. Rh7 Ra1 55. Rxg7 Rxa4 56. f4 Ra3+ 57. Kd2 Nb4 58. Be2 Ra2+ 59. Ke3 f5 60.
Rb7 Nc2+ 61. Kd3 Ne1+ 62. Ke3 Nc2+ 63. Kd3 Kc5 64. Rc7+ Kb4 65. Bh5 Ne1+ 66. Kd4
Ra3 67. Rc6 Nc2+ 68. Ke5 Re3+ 69. Kf6 Nd4 1/2-1/2

[Event "21st European Teams"]
[Site "Hersonissos GRE"]
[Date "2017.10.30"]
[Round "3.12"]
[Board "4"]
[White "Sanal, Vahap"]
[Black "Jenni, Florian"]
[Result "1-0"]
[WhiteTitle "GM"]
[BlackTitle "GM"]
[WhiteElo "2549"]
[BlackElo "2466"]
[WhiteTeam "Turkey"]
[BlackTeam "Switzerland"]
[WhiteFideId "6300545"]
[BlackFideId "1304232"]
[EventDate "2017.10.28"]

1. e4 e5 2. Nf3 Nc6 3. Bb5 a6 4. Ba4 Nf6 5. O-O Be7 6. d3 d6 7. c3 O-O 8. Nbd2
Re8 9. Re1 Bf8 10. d4 b5 11. Bc2 g6 12. d5 Nb8 13. a4 Bb7 14. Bd3 bxa4 15. Rxa4
c6 16. c4 Nbd7 17. Nb3 Qc7 18. Bd2 Rab8 19. Ba5 Qc8 20. Ra3 cxd5 21. cxd5 Bxd5
22. exd5 e4 23. Bxa6 Qxa6 24. Bc7 Qb5 25. Bxb8 Rxb8 26. Nfd2 Re8 27. Ra5 Qb6 28.
Nc4 Qb4 29. Ne3 Nc5 30. Ra3 Nd3 31. Re2 Nxb2 32. Qa1 Nc4 33. Ra4 Qxb3 34. Rxc4
Bg7 35. Rb2 Qd3 36. Qa4 Bh6 37. Ng4 Kg7 38. h3 Nxg4 39. hxg4 Re7 40. Qa1 f6 41.
Ra4 Bf4 42. Rba2 Qxd5 43. Ra7 Rxa7 44. Rxa7+ Kh6 45. g3 Bg5 46. Qf1 1-0

[Event "21st European Teams"]
[Site "Hersonissos GRE"]
[Date "2017.10.30"]
[Round "3.13"]
[Board "1"]
[White "Steingrimsson, Hedinn"]
[Black "Mchedlishvili, Mikheil"]
[Result "0-1"]
[WhiteTitle "GM"]
[BlackTitle "GM"]
[WhiteElo "2576"]
[BlackElo "2604"]
[WhiteTeam "Iceland"]
[BlackTeam "Georgia"]
[WhiteFideId "2300117"]
[BlackFideId "13600966"]
[EventDate "2017.10.28"]

1. d4 d5 2. c4 e6 3. Nc3 Bb4 4. a3 Bxc3+ 5. bxc3 Nf6 6. cxd5 exd5 7. e3 Bf5 8.
f3 O-O 9. Ne2 c5 10. g4 Bg6 11. Nf4 Nc6 12. Bg2 Rc8 13. O-O cxd4 14. cxd4 Na5
15. Ra2 Nc4 16. Re2 b5 17. h4 h5 18. g5 Ne8 19. e4 dxe4 20. fxe4 Ned6 21. Qd3
Re8 22. Rfe1 Qb6 23. Kh2 Rcd8 24. a4 a6 25. axb5 axb5 26. Kh3 Nb7 27. Rd1 Nc5
28. Qb1 Qb8 29. Ree1 Ne6 30. Nxe6 Rxe6 31. Qb3 Nd6 32. e5 Nf5 33. Bb2 Ra6 34. d5
Ra4 35. Re4 Qc8 36. Qc3 Qxc3+ 37. Bxc3 Ra3 38. Rc1 Rc8 39. Kh2 Rcxc3 40. Rxc3
Rxc3 41. Rb4 Ne3 42. Bf3 Nc2 43. Rf4 Rc4 0-1

[Event "21st European Teams"]
[Site "Hersonissos GRE"]
[Date "2017.10.30"]
[Round "3.13"]
[Board "2"]
[White "Pantsulaia, Levan"]
[Black "Gretarsson, Hjorvar Steinn"]
[Result "1-0"]
[WhiteTitle "GM"]
[BlackTitle "GM"]
[WhiteElo "2586"]
[BlackElo "2567"]
[WhiteTeam "Georgia"]
[BlackTeam "Iceland"]
[WhiteFideId "13602071"]
[BlackFideId "2302241"]
[EventDate "2017.10.28"]

1. c4 e5 2. Nc3 Bb4 3. Nd5 Be7 4. d4 d6 5. e4 Nf6 6. Nxe7 Qxe7 7. f3 exd4 8.
Qxd4 Nc6 9. Qc3 O-O 10. Be3 Nd7 11. O-O-O Nde5 12. Ne2 f5 13. exf5 Bxf5 14. Nf4
a5 15. Nd5 Qf7 16. b3 b5 17. cxb5 Nb4 18. Nxb4 axb4 19. Qd2 c5 20. g4 Be6 21.
Qxd6 Rxa2 22. Qxe5 Bxb3 23. Bd3 Qa7 24. Rd2 Qa3+ 25. Rb2 Ra1+ 26. Bb1 Rxb1+ 27.
Kxb1 Ra8 28. Kc1 Qa1+ 29. Kd2 Qxh1 30. Rxb3 Qxf3 31. b6 Qg2+ 32. Kd3 Qf1+ 33.
Ke4 Qc4+ 34. Bd4 Qe2+ 35. Kd5 Rd8+ 36. Kxc5 Rc8+ 37. Kd6 1-0

[Event "21st European Teams"]
[Site "Hersonissos GRE"]
[Date "2017.10.30"]
[Round "3.13"]
[Board "3"]
[White "Stefansson, Hannes"]
[Black "Jojua, Davit"]
[Result "1/2-1/2"]
[WhiteTitle "GM"]
[BlackTitle "GM"]
[WhiteElo "2508"]
[BlackElo "2591"]
[WhiteTeam "Iceland"]
[BlackTeam "Georgia"]
[WhiteFideId "2300087"]
[BlackFideId "13602543"]
[EventDate "2017.10.28"]

1. e4 c5 2. Nf3 e6 3. d4 cxd4 4. Nxd4 a6 5. c4 Nf6 6. Nc3 Qc7 7. Be2 Bb4 8. Qd3
Nc6 9. Nxc6 dxc6 10. a3 Bd6 11. Be3 O-O 12. c5 Bf4 13. Bxf4 Qxf4 14. Qg3 Qxg3
15. hxg3 e5 16. Bc4 Rd8 17. Rd1 Rd4 18. f3 Rxd1+ 19. Kxd1 Kf8 20. g4 h6 21. Kc2
Ke7 22. Rd1 Bd7 23. Na4 Be8 24. Rd3 Nd7 25. Kc3 f6 26. Kb4 a5+ 27. Kc3 Rb8 28.
Rd2 Bg6 29. b4 axb4+ 30. Kxb4 Be8 31. Rd3 Ra8 32. Rd1 Rb8 33. Rd2 Ra8 34. g3 Rb8
35. Rd3 Ra8 36. Bb3 Nb8 37. Bc4 Nd7 38. Rd1 1/2-1/2

[Event "21st European Teams"]
[Site "Hersonissos GRE"]
[Date "2017.10.30"]
[Round "3.13"]
[Board "4"]
[White "Paichadze, Luka"]
[Black "Kjartansson, Gudmundur"]
[Result "1-0"]
[WhiteTitle "GM"]
[BlackTitle "IM"]
[WhiteElo "2580"]
[BlackElo "2456"]
[WhiteTeam "Georgia"]
[BlackTeam "Iceland"]
[WhiteFideId "13602934"]
[BlackFideId "2301318"]
[EventDate "2017.10.28"]

1. e4 c6 2. d4 d5 3. e5 Bf5 4. h4 h5 5. c4 e6 6. Nc3 Ne7 7. Bg5 Qb6 8. Qd2 Nd7
9. O-O-O dxc4 10. Bxc4 Nd5 11. Nge2 f6 12. exf6 gxf6 13. Be3 O-O-O 14. Nxd5 cxd5
15. Bd3 Bxd3 16. Qxd3 Bd6 17. Kb1 Kb8 18. Rc1 a6 19. Rc3 Ka8 20. Rhc1 Nb8 21.
Rb3 Qa7 22. Qg6 Rdf8 23. Bf4 Rhg8 24. Qh7 Rh8 25. Qd3 e5 26. dxe5 fxe5 27. Be3
d4 28. Nxd4 Bc5 29. Ne6 1-0

[Event "21st European Teams"]
[Site "Hersonissos GRE"]
[Date "2017.10.30"]
[Round "3.14"]
[Board "1"]
[White "Tari, Aryan"]
[Black "Ziska, Helgi Dam"]
[Result "1/2-1/2"]
[WhiteTitle "GM"]
[BlackTitle "GM"]
[WhiteElo "2578"]
[BlackElo "2545"]
[WhiteTeam "Norway"]
[BlackTeam "Faroe Islands"]
[WhiteFideId "1510045"]
[BlackFideId "7200595"]
[EventDate "2017.10.28"]

1. d4 Nf6 2. c4 g6 3. Nc3 Bg7 4. e4 d6 5. h3 O-O 6. Be3 c5 7. Nf3 cxd4 8. Nxd4
b6 9. g3 Bb7 10. Bg2 Nbd7 11. O-O Rc8 12. b3 Ba8 13. Rc1 a6 14. a4 e6 15. f4 Nc5
16. Qc2 e5 17. fxe5 Nh5 18. Nde2 Bxe5 19. g4 Ng3 20. Nxg3 Bxg3 21. b4 Nd7 22.
Qe2 Be5 23. Rfd1 Re8 24. Nd5 a5 25. bxa5 bxa5 26. Qf2 Nc5 27. Rf1 Bxd5 28. cxd5
Qe7 29. Rc4 Rc7 30. Qd2 1/2-1/2

[Event "21st European Teams"]
[Site "Hersonissos GRE"]
[Date "2017.10.30"]
[Round "3.14"]
[Board "2"]
[White "Nielsen, Hogni Egilstoft"]
[Black "Salomon, Johan"]
[Result "1/2-1/2"]
[WhiteTitle "FM"]
[BlackTitle "GM"]
[WhiteElo "2352"]
[BlackElo "2477"]
[WhiteTeam "Faroe Islands"]
[BlackTeam "Norway"]
[WhiteFideId "7200404"]
[BlackFideId "1509500"]
[EventDate "2017.10.28"]

1. e4 c5 2. Nf3 d6 3. Bb5+ Nd7 4. d4 cxd4 5. Qxd4 a6 6. Bxd7+ Bxd7 7. Nc3 Rc8 8.
O-O e5 9. Qd3 h6 10. Nd2 Qc7 11. Rd1 Nf6 12. Nf1 Be7 13. Ne3 Be6 14. a4 O-O 15.
Bd2 Bc4 16. Nxc4 Qxc4 17. Be1 Rc7 18. f3 Rfc8 19. Rac1 Qxd3 20. Rxd3 Rc6 21. Kf1
Bf8 22. Ke2 Nd7 23. Bf2 g6 24. Kd1 Rc4 25. Kd2 h5 26. b3 R4c6 27. Nd5 Bh6+ 28.
Be3 Bxe3+ 29. Rxe3 Kf8 30. a5 Nc5 31. Rb1 Ne6 32. c3 Rd8 33. b4 Nc7 34. Nxc7
Rxc7 35. Rd3 Ke7 36. Rd5 Ke6 37. b5 Ra8 38. Kd3 f5 39. c4 axb5 40. Rbxb5 fxe4+
41. fxe4 Ra6 42. c5 dxc5 43. Kc4 Rac6 44. Rbxc5 Rxc5+ 45. Rxc5 Rd7 46. Kb5 Rd4
47. Kb6 Rxe4 48. Kxb7 Rb4+ 49. Kc6 Ra4 50. Kb5 Ra2 51. a6 Kd6 52. Rc4 Kd5 53.
Ra4 Rb2+ 54. Rb4 Ra2 55. Ra4 Rb2+ 56. Rb4 Ra2 57. Ra4 Rb2+ 58. Ka5 Kc5 59. a7
Rb5+ 60. Ka6 Rb6+ 1/2-1/2

[Event "21st European Teams"]
[Site "Hersonissos GRE"]
[Date "2017.10.30"]
[Round "3.14"]
[Board "3"]
[White "Christiansen, Johan-Sebastian"]
[Black "Rodgaard, John"]
[Result "1-0"]
[WhiteTitle "IM"]
[BlackTitle "IM"]
[WhiteElo "2462"]
[BlackElo "2332"]
[WhiteTeam "Norway"]
[BlackTeam "Faroe Islands"]
[WhiteFideId "1512668"]
[BlackFideId "7200013"]
[EventDate "2017.10.28"]

1. e4 e6 2. d4 d5 3. Nc3 Bb4 4. e5 Ne7 5. a3 Bxc3+ 6. bxc3 c5 7. Qg4 O-O 8. Bd3
f5 9. exf6 Rxf6 10. Bg5 Rf7 11. Qh5 g6 12. Qd1 Qa5 13. Bd2 c4 14. Be2 Nd7 15.
Nf3 Nf5 16. h4 Nd6 17. Ng5 Re7 18. h5 e5 19. hxg6 hxg6 20. Kf1 Nf6 21. dxe5 Rxe5
22. Bf4 Qxc3 23. Bxe5 Qxe5 24. Nf3 Qe7 25. Qd4 Bf5 26. Re1 Qg7 27. Bd1 a6 28.
Nh4 Bd7 29. Bf3 Qf7 30. Bxd5 Nxd5 31. Nf5 Nxf5 32. Qh8# 1-0